Witcher 3 - Charaktere - Statistiken

Allgemein
  • Dieses Quiz wurde 46 mal gespielt
  • Das Durchschnittsergebnis liegt bei 10 aus 24
Antwortstatistiken
Bildquiz Hint Antwort % Korrekt
_______ Vesemir
95%
_____ __ ____ Geralt von Riva
77%
____ _______ Triss Merigold
74%
_______ Lambert
64%
_____ Eskel
62%
______ _'__ (Spiegelmeister, Mann des Glases) Gaunter o'Dim (Spiegelmeister, Mann des Glases)
59%
____ ____ Keira Metz
54%
_______ __ __________ Yennefer von Vengerberg
54%
_________ Mäussack
51%
______ _____ Philippa Eilhart
51%
_____ Shani
49%
____ ________ Anna Henrietta
36%
_____ __ _____ Crach an Craite
31%
______ ____ Fringilla Vigo
31%
_____ _______ (Der blutige Baron) Phillip Strenger (Der blutige Baron)
31%
_____ __ ______ Emhyr var Emreis
28%
_____ ______ Zoltan Chivay
26%
_____ __ _____ Cerys an Craite
23%
______ __ ______ Hjalmar an Craite
23%
____ _____ ___ ______ (kurz: Ciri)_ Cirilla Fiona Elen Riannon (kurz: Ciri)
18%
_____ _____ _______ Vicomte de Lettenhove (Rittersporn) Julian Alfred Pankratz Vicomte de Lettenhove (Rittersporn)
18%
____ __ ______ Letho von Guleta
18%
________ _______ Sigismund Dijkstra
10%
_____ __________ ______ (Dudu) Tellico Lunngrevink Letorte (Dudu)
3%
Keine übereinstimmenden Quizze gefunden
Verteilung der Resultate
Anzahl Personen mit jedem Resultat
Perzentil nach korrekt beantworteten Fragen
Ihre Resultats-Entwicklung
Sie haben dieses Quiz noch nicht gespielt